Modern cookery: (Record no. 153013)
[ view plain ]
| 000 -LEADER | |
|---|---|
| fixed length control field | 00733nam a22002177a 4500 |
| 005 - DATE AND TIME OF LATEST TRANSACTION | |
| control field | 20180702120253.0 |
| 010 ## - LCCN (DPL NO) | |
| LC control number | B-88987 |
| 020 ## - INTERNATIONAL STANDARD BOOK NUMBER | |
| International Standard Book Number | 9788125025191 |
| Terms of availability | 250.00 |
| 035 ## - SYSTEM CONTROL NUMBER | |
| System control number | B-88987 |
| 037 ## - SOURCE OF ACQUISITION | |
| Stock number | dpl |
| Source of stock number/acquisition | Orient Longman |
| 082 ## - DEWEY DECIMAL CLASSIFICATION NUMBER | |
| Edition number | 5th ed. |
| Classification number | 641.5 |
| Item number | PHI |
| 100 ## - MAIN ENTRY--PERSONAL NAME | |
| Personal name | Philip, Thangam E. |
| 245 ## - TITLE STATEMENT | |
| Title | Modern cookery: |
| Remainder of title | for teaching and trade/ |
| Statement of responsibility, etc | by Philip Thangam E. |
| 250 ## - EDITION STATEMENT | |
| Edition statement | 5th ed. |
| 260 ## - PUBLICATION, DISTRIBUTION, ETC. (IMPRINT) | |
| Place of publication, distribution, etc | New Delhi |
| Name of publisher, distributor, etc | Orient Longman |
| Date of publication, distribution, etc | 2003 |
| 270 ## - ADDRESS | |
| Address | 1/24 Asaf Ali Road |
| City | New Delhi |
| Postal code | 110002 |
| 300 ## - PHYSICAL DESCRIPTION | |
| Extent | V.2(750p.) |
| Dimensions | 21cm(Pb) |
| 500 ## - GENERAL NOTE | |
| General note | Including bibliographic index<br/> |
| 942 ## - ADDED ENTRY ELEMENTS (KOHA) | |
| Source of classification or shelving scheme | Dewey Decimal Classification |
| Item type | English Books |
| Edition | 5th |
| Classification part | 641.5 |
| Call number suffix | PHI |
| Withdrawn status | Lost status | Not for loan | Collection code | Home library | Current library | Date acquired | Full call number | Barcode | Koha item type |
|---|---|---|---|---|---|---|---|---|---|
| Non-fiction | Sarojini Nagar | Sarojini Nagar | 23/06/2018 | 641.5 PHI | B-088987 | English Books |
